|
|
|
|
| LEADER |
00000cam a2200000 a 4500 |
| 001 |
vtls008315584 |
| 003 |
SK-MaSNL |
| 005 |
20260301123002.0 |
| 008 |
240314s1974 xo p 000 0 slo |
| 015 |
|
|
|a SNBA1975/02-00388
|
| 035 |
|
|
|a SK01SNK19750007801
|
| 035 |
|
|
|a SKM000010264
|
| 040 |
|
|
|a SNK
|b slo
|c SNK
|e AACR2
|
| 041 |
0 |
|
|a slo
|
| 044 |
|
|
|a xo
|c SK
|
| 080 |
|
|
|a 342(4-11)(075.8)
|2 1981
|
| 100 |
1 |
|
|a Sivák, Florián,
|d 1932-1997
|4 aut
|9 38328
|
| 245 |
1 |
0 |
|a Dejiny štátu a práva socialistických krajín
|n 2. časť
|b ...učeb. text pre internú potrebu štud. Právnickej fak. UK...
|c autori: Florián Sivák a kol.
|
| 250 |
|
|
|a 1. vyd.
|
| 260 |
|
|
|a Bratislava
|b UK
|c 1974
|
| 300 |
|
|
|a 231, [1] s.
|c 4°
|
| 366 |
|
|
|e 15000 výt.
|
| 490 |
1 |
|
|a Vysokoškolské skriptá
|
| 650 |
0 |
7 |
|a štátne právo
|2 SNKPH
|9 74559
|
| 655 |
|
7 |
|a učebnice vysokých škôl
|2 SNKPH
|9 70191
|
| 830 |
|
0 |
|a Vysokoškolské skriptá
|9 276440
|
| 852 |
|
|
|a Slovenská národná knižnica v Martine
|b 10000
|h SB 21791/2
|
| 852 |
|
|
|a Slovenská národná knižnica v Martine
|b 10000
|h SB 21791/2 D1
|
| 958 |
|
|
|a OND
|
| 958 |
|
|
|a RM
|
| 958 |
|
|
|a RK
|
| 958 |
|
|
|a UV
|
| 999 |
|
|
|c 734749
|d 736679
|
| 952 |
|
|
|a SNK
|b SNK
|y PREZ
|7 0
|p 17A0920381
|o snkSB 21791/2
|i snkKSP 1731/75
|0 0
|1 0
|4 0
|d 2014-05-30
|f 1
|l 0
|r 2025-03-25 00:00:00
|w 2026-02-23
|
| 952 |
|
|
|a SNK
|b SNK
|y VYP
|7 0
|o snkSB 21791/2 D1
|i snkKSP 1732/75
|0 0
|1 0
|4 0
|d 2014-05-30
|l 0
|r 2026-02-23 22:41:10
|w 2026-02-23
|